[Event "Criciuma op-A"]
[Site "Criciuma"]
[Date "2024.01.12"]
[Round "1"]
[White "Martins Jr Sobrinho, Manuel De"]
[Black "Languidey, Simon Alejandro"]
[Result "0-1"]
[WhiteElo "2018"]
[BlackElo "2402"]
[PlyCount "138"]
[EventDate "2024.01.12"]
[EventType "swiss"]
[EventRounds "9"]
[EventCountry "BRA"]
[SourceTitle "CB04_2024"]
[SourceDate "2023.10.16"]
[SourceVersion "1"]
[SourceVersionDate "2023.10.16"]
[SourceQuality "1"]

1. e4 c5 2. Nf3 d6 3. d4 cxd4 4. Nxd4 Nf6 5. Nc3 a6 6. h3 e5 7. Nde2 h5 8. Bg5 Be6 9. Bxf6 Qxf6 10. Nd5 Qd8 11. Qd3 Nd7 12. 0-0-0 g6 13. Kb1 Nc5 14. Qa3 Bg7 15. Nec3 0-0 16. h4 b5 17. Be2 Rb8 18. f3 Bd7 19. b4 a5 20. g4 Kh8 21. gxh5 gxh5 22. Qc1 axb4 23. Nxb4 Be8 24. Rhg1 f5 25. Rxg7 Kxg7 26. Rg1+ Kh7 27. Rg5 f4 28. Qg1 Ne6 29. Rg2 Qb6 30. Qxb6 Rxb6 31. Ncd5 Rb7 32. Bf1 Nd4 33. Rf2 Rg7 34. c3 Ne6 35. Bh3 Nc5 36. Kc2 Rg3 37. Bf5+ Bg6 38. Bxg6+ Rxg6 39. Ne7 Rg1 40. Nbd5 Ra8 41. Nb4 Ra7 42. Nf5 Na6 43. Nd5 Nc7 44. Nb4 d5 45. Rd2 Rf1 46. exd5 Rxf3 47. d6 Ne6 48. d7 Nd8 49. Re2 Rxd7 50. Rxe5 Rc7 51. Nd5 Ra7 52. Nb4 Rh3 53. Re2 Rf7 54. Nd6 f3 55. Rf2 Rf4 56. Kd2 Ne6 57. Nxb5 Rfxh4 58. Ke3 Ng5 59. Nd4 Re4+ 60. Kd3 Rg4 61. Ke3 Rh1 62. Nxf3 Rh3 63. Ke2 Re4+ 64. Kd3 Rf4 65. a4 Rhxf3+ 66. Rxf3 Rxf3+ 67. Kd4 h4 68. a5 h3 69. a6 h2 0-1

[Event "Titled Tuesday intern op 20th Dec Late"]
[Site "Chess.com INT"]
[Date "2022.12.20"]
[Round "5"]
[White "Guzman Moneo, Alberto"]
[Black "Martins Jr Sobrinho, Manuel De"]
[Result "1-0"]
[WhiteElo "2146"]
[BlackElo "2018"]
[PlyCount "87"]
[EventDate "2022.12.20"]
[EventType "swiss (blitz)"]
[EventRounds "11"]
[EventCountry "USA"]
[SourceTitle "EXT 2024"]
[Source "ChessBase"]
[SourceDate "2023.10.10"]
[SourceVersion "1"]
[SourceVersionDate "2023.10.10"]
[SourceQuality "1"]

1. Nf3 Nf6 2. g3 d5 3. Bg2 c5 4. 0-0 Nc6 5. d4 Bf5 6. c4 e6 7. cxd5 Nxd5 8. Nc3 cxd4 9. Nxd4 Nxd4 10. Qxd4 Nxc3 11. bxc3 Qxd4 12. cxd4 0-0-0 13. e4 Bg6 14. Be3 Bd6 15. g4 e5 16. dxe5 Bxe5 17. Rac1+ Kb8 18. f4 Rd3 19. Kf2 Bc7 20. f5 Bxh2 21. Rfd1 Rhd8 22. Rxd3 Rxd3 23. fxg6 hxg6 24. Rh1 Be5 25. Rh8+ Kc7 26. Rf8 Rd7 27. Re8 f6 28. g5 Rf7 29. Bh3 fxg5+ 30. Ke2 Bf4 31. Be6 Rf6 32. Bd5 Ra6 33. Re7+ Kd6 34. Re6+ Kd7 35. Bxf4 Rxe6 36. Bxe6+ Kxe6 37. Bxg5 Ke5 38. Ke3 b5 39. Bf4+ Ke6 40. Bc7 g5 41. Bd8 g4 42. Kf4 g3 43. Kxg3 Ke5 44. Kf3 1-0

[Event "Florianopolis Winter op 6th"]
[Site "Florianopolis"]
[Date "2022.07.16"]
[Round "7"]
[White "Piccoli, Lucas Fonseca"]
[Black "Martins Jr Sobrinho, Manuel De"]
[Result "1/2-1/2"]
[WhiteElo "2155"]
[BlackElo "2002"]
[PlyCount "85"]
[EventDate "2022.07.13"]
[EventType "swiss"]
[EventRounds "9"]
[EventCountry "BRA"]
[SourceTitle "CBM 209 Extra"]
[Source "ChessBase"]
[SourceDate "2022.09.30"]
[SourceVersion "1"]
[SourceVersionDate "2022.09.30"]
[SourceQuality "1"]

1. c4 f5 2. Nf3 Nf6 3. g3 g6 4. Bg2 Bg7 5. 0-0 0-0 6. d4 d6 7. Nc3 Nc6 8. d5 Na5 9. Qd3 e5 10. dxe6 Bxe6 11. b3 h6 12. Nd4 Bd7 13. Bb2 Nc6 14. Nd5 Ne5 15. Qc2 c6 16. Nf4 Qe7 17. Nf3 Be8 18. Rad1 Ne4 19. Nd2 g5 20. Nd3 Nxd3 21. exd3 Nxd2 22. Rfe1 Qc7 23. Qxd2 Bh5 24. f3 Rae8 25. d4 Bf6 26. Ba3 Kh8 27. Kh1 c5 28. dxc5 dxc5 29. Rxe8 Rxe8 30. Qd5 Rd8 31. Bb2 Rxd5 32. Bxf6+ Kg8 33. cxd5 Qd6 34. Bc3 f4 35. g4 Be8 36. Bf1 b5 37. Bd3 a6 38. Bf5 Bf7 39. Bc8 Bxd5 40. Bb7 Bxf3+ 41. Bxf3 Qe7 42. Re1 Qd7 43. Rd1 1/2-1/2

[Event "Florianopolis Winter op 6th"]
[Site "Florianopolis"]
[Date "2022.07.13"]
[Round "2"]
[White "Martins Jr Sobrinho, Manuel De"]
[Black "Lima, Darcy Gustavo Macha"]
[Result "0-1"]
[WhiteElo "2002"]
[BlackElo "2445"]
[PlyCount "86"]
[EventDate "2022.07.13"]
[EventType "swiss"]
[EventRounds "9"]
[EventCountry "BRA"]
[SourceTitle "CBM 209 Extra"]
[Source "ChessBase"]
[SourceDate "2022.09.30"]
[SourceVersion "1"]
[SourceVersionDate "2022.09.30"]
[SourceQuality "1"]

1. d4 Nf6 2. Bf4 d6 3. Nc3 Nbd7 4. Nf3 c5 5. d5 g6 6. e4 Bg7 7. Be2 0-0 8. Nd2 Ne8 9. Nc4 Nb6 10. Ne3 Bd7 11. Qd2 Na4 12. Nxa4 Bxa4 13. h4 Bxb2 14. Rb1 Bg7 15. h5 Nf6 16. f3 b5 17. g4 b4 18. Kf1 e5 19. Bh2 Bh6 20. Bg3 Bf4 21. Bxf4 exf4 22. Ng2 g5 23. Nxf4 gxf4 24. Qxf4 Qe7 25. g5 Nd7 26. Qg4 Kh8 27. Rg1 Rg8 28. f4 Bxc2 29. Re1 Qxe4 30. Bf3 Qc4+ 31. Be2 Bd3 32. Bxd3 Qxd3+ 33. Kf2 Nf6 34. Qf3 Qxf3+ 35. Kxf3 Nxd5 36. Rd1 Nc3 37. Rxd6 Nxa2 38. Ke4 Nc3+ 39. Kd3 Rad8 40. Rxd8 Rxd8+ 41. Kc4 Ne4 42. Ra1 Nd2+ 43. Kb5 b3 0-1

[Event "BRA-ch Regional Sul"]
[Site "Lages"]
[Date "2019.10.19"]
[Round "3"]
[White "Martins Jr Sobrinho, Manuel De"]
[Black "Munaretto Jr, Alvanir Luiz"]
[Result "1-0"]
[WhiteElo "1981"]
[BlackElo "1854"]
[PlyCount "55"]
[EventDate "2019.10.18"]
[EventType "swiss"]
[EventRounds "5"]
[EventCountry "BRA"]
[SourceTitle "CBM 195 Extra"]
[Source "ChessBase"]
[SourceDate "2020.05.31"]
[SourceVersion "1"]
[SourceVersionDate "2020.05.31"]
[SourceQuality "1"]

1. e4 c5 2. Nf3 e6 3. d4 cxd4 4. Nxd4 a6 5. c4 b6 6. Nc3 Bb7 7. a3 Qc7 8. Be2 Nf6 9. f3 Nc6 10. Be3 d6 11. Rc1 Be7 12. Nd5 Qd8 13. Nxc6 Bxc6 14. Bxb6 Qb8 15. Nc7+ Kd7 16. Nxa8 Qxa8 17. e5 Ne8 18. exd6 Bg5 19. Rb1 Nf6 20. 0-0 Rb8 21. Bc5 h5 22. b4 h4 23. a4 h3 24. g3 e5 25. b5 axb5 26. axb5 Bxb5 27. cxb5 Rc8 28. Ra1 1-0

[Event "Santa Catarina State-ch 63rd"]
[Site "Timbo"]
[Date "2019.06.07"]
[Round "2"]
[White "Cabral, Mauricio Balluta"]
[Black "Martins Jr Sobrinho, Manuel De"]
[Result "0-1"]
[WhiteElo "1107"]
[BlackElo "2004"]
[PlyCount "44"]
[EventDate "2019.06.07"]
[EventType "swiss"]
[EventRounds "6"]
[EventCountry "BRA"]
[SourceTitle "EXT 2020"]
[Source "ChessBase"]
[SourceDate "2019.10.17"]
[SourceVersion "1"]
[SourceVersionDate "2019.10.17"]
[SourceQuality "1"]

1. d4 b6 2. Nf3 Nf6 3. Bf4 g6 4. e3 Bg7 5. h3 Bb7 6. Be2 0-0 7. 0-0 d6 8. Nbd2 Nbd7 9. c3 Re8 10. Qc2 Rc8 11. Rfe1 c5 12. Bb5 a6 13. Bxd7 Qxd7 14. Qb3 Qc6 15. dxc5 dxc5 16. Ng5 Rf8 17. Ndf3 e5 18. Bh2 Ne4 19. Nxe4 Qxe4 20. Qd1 Qc6 21. Qe2 b5 22. Rad1 Rfd8 0-1

[Event "Concordia op 5th"]
[Site "Concordia"]
[Date "2019.05.04"]
[Round "7"]
[White "Martins Jr Sobrinho, Manuel De"]
[Black "Di Berardino, Diego Rafael"]
[Result "0-1"]
[WhiteElo "2020"]
[BlackElo "2512"]
[PlyCount "96"]
[EventDate "2019.05.01"]
[EventType "swiss"]
[EventRounds "9"]
[EventCountry "BRA"]
[SourceTitle "CBM 190 Extra"]
[Source "ChessBase"]
[SourceDate "2019.07.15"]
[SourceVersion "1"]
[SourceVersionDate "2019.07.15"]
[SourceQuality "1"]

1. d4 Nf6 2. c4 g6 3. Nc3 Bg7 4. e4 0-0 5. Nf3 d6 6. Be2 e5 7. dxe5 dxe5 8. Qxd8 Rxd8 9. Bg5 Re8 10. 0-0-0 Na6 11. Nxe5 Nc5 12. Bxf6 Bxf6 13. f4 c6 14. Rd6 Bxe5 15. fxe5 a5 16. b3 Kf8 17. Rhd1 Rxe5 18. Bf3 Re8 19. Kb2 Be6 20. Ne2 Ke7 21. Nf4 Bc8 22. h3 Nd7 23. R6d2 Ne5 24. Nd3 Nxd3+ 25. Rxd3 Be6 26. c5 Kf6 27. Ka3 Ke5 28. Ka4 h5 29. Rd6 Rh8 30. R1d4 g5 31. Be2 g4 32. h4 Rh6 33. Rd1 Rf6 34. Rf1 Rxf1 35. Bxf1 Kxe4 36. Bc4 Bxc4 37. bxc4 Kf4 38. Rd3 f5 39. g3+ Ke4 40. Rd7 f4 41. Re7+ Kf3 42. gxf4 g3 43. Rxb7 Kxf4 44. Rg7 Kf3 45. Rg5 g2 46. Rg6 Kf2 47. Rf6+ Kg3 48. Rxc6 Rg8 0-1

[Event "Concordia op 5th"]
[Site "Concordia"]
[Date "2019.05.03"]
[Round "6"]
[White "Da Silva, Joao Carlos Orguim"]
[Black "Martins Jr Sobrinho, Manuel De"]
[Result "0-1"]
[WhiteElo "1800"]
[BlackElo "2020"]
[PlyCount "72"]
[EventDate "2019.05.01"]
[EventType "swiss"]
[EventRounds "9"]
[EventCountry "BRA"]
[SourceTitle "CBM 190 Extra"]
[Source "ChessBase"]
[SourceDate "2019.07.15"]
[SourceVersion "1"]
[SourceVersionDate "2019.07.15"]
[SourceQuality "1"]

1. d4 Nf6 2. Nf3 g6 3. c4 Bg7 4. Nc3 d5 5. cxd5 Nxd5 6. e4 Nxc3 7. bxc3 c5 8. Be3 Qa5 9. Qb3 0-0 10. Bc4 cxd4 11. Bxd4 Bxd4 12. Nxd4 Nd7 13. 0-0 Nc5 14. Qc2 Bd7 15. Nb3 Qa4 16. Qe2 Rac8 17. Nxc5 Rxc5 18. Bb3 Qa5 19. c4 Rfc8 20. Rad1 Be6 21. g4 Bxc4 22. Bxc4 Rxc4 23. Rd5 Qb4 24. Re1 Rc2 25. Qf1 R8c4 26. Rb1 Qa4 27. f3 Qxa2 28. Rxb7 Rxh2 29. Rxa7 Qe2 30. Rd8+ Kg7 31. Qxe2 Rxe2 32. Rad7 Rcc2 33. Rd3 h5 34. gxh5 gxh5 35. R3d7 h4 36. e5 Re1# 0-1

[Event "Concordia op 5th"]
[Site "Concordia"]
[Date "2019.05.03"]
[Round "5"]
[White "Martins Jr Sobrinho, Manuel De"]
[Black "Predebon, Eduardo Angonesi"]
[Result "1-0"]
[WhiteElo "2020"]
[BlackElo "1804"]
[PlyCount "85"]
[EventDate "2019.05.01"]
[EventType "swiss"]
[EventRounds "9"]
[EventCountry "BRA"]
[SourceTitle "CBM 190 Extra"]
[Source "ChessBase"]
[SourceDate "2019.07.15"]
[SourceVersion "1"]
[SourceVersionDate "2019.07.15"]
[SourceQuality "1"]

1. d4 Nf6 2. c4 c5 3. d5 b5 4. cxb5 a6 5. b6 g6 6. Qb3 Bb7 7. Nc3 Bg7 8. a4 c4 9. Qxc4 Qxb6 10. a5 Qd8 11. e4 d6 12. Qb4 Qc8 13. Na4 Nbd7 14. Be3 Qb8 15. Nf3 0-0 16. Bd3 Ng4 17. Bg5 Nge5 18. Nxe5 Nxe5 19. Be2 f6 20. Be3 Bc8 21. Qxb8 Rxb8 22. Nb6 Nd7 23. 0-0-0 f5 24. exf5 gxf5 25. f4 Nf6 26. Bf3 Bd7 27. Rhe1 Bb5 28. Bd4 Rb7 29. Re3 Kf7 30. Rde1 Rfb8 31. Bxf6 Bxf6 32. Bd1 Rc7+ 33. Kb1 Rc5 34. Bc2 Bc4 35. Bxf5 Bxd5 36. b4 Ba2+ 37. Kxa2 Rxf5 38. g3 Rb7 39. Rc1 Bd4 40. Re4 Bxb6 41. axb6 Rxb6 42. Rc7 Rfb5 43. Rexe7+ 1-0

[Event "Concordia op 5th"]
[Site "Concordia"]
[Date "2019.05.01"]
[Round "2"]
[White "Fante, Gabriel"]
[Black "Martins Jr Sobrinho, Manuel De"]
[Result "1-0"]
[WhiteElo "1584"]
[BlackElo "2020"]
[PlyCount "47"]
[EventDate "2019.05.01"]
[EventType "swiss"]
[EventRounds "9"]
[EventCountry "BRA"]
[SourceTitle "CBM 190 Extra"]
[Source "ChessBase"]
[SourceDate "2019.07.15"]
[SourceVersion "1"]
[SourceVersionDate "2019.07.15"]
[SourceQuality "1"]

1. d4 Nf6 2. Nf3 g6 3. Bg5 Bg7 4. Nbd2 d5 5. Bxf6 exf6 6. e3 0-0 7. Be2 f5 8. 0-0 Be6 9. c4 Nc6 10. Rc1 Re8 11. Nb3 Bf8 12. Nc5 Bxc5 13. dxc5 Qe7 14. cxd5 Red8 15. Qa4 Bxd5 16. b4 Qe4 17. a3 a5 18. Qb5 axb4 19. Bd3 Qg4 20. h3 Qh5 21. Be2 Ra5 22. Qxb7 Nd4 23. Nxd4 Qxe2 24. Qxc7 1-0

[Event "Joinville op U220"]
[Site "Joinville"]
[Date "2017.02.18"]
[Round "3"]
[White "Kim, Thiago"]
[Black "Martins Jr Sobrinho, Manuel De"]
[Result "0-1"]
[WhiteElo "1378"]
[BlackElo "1922"]
[PlyCount "75"]
[EventDate "2017.02.17"]
[EventType "swiss"]
[EventRounds "7"]
[EventCountry "BRA"]
[SourceTitle "CBM 177 Extra"]
[Source "ChessBase"]
[SourceDate "2017.04.27"]
[SourceVersion "1"]
[SourceVersionDate "2017.04.27"]
[SourceQuality "1"]

1. e4 e5 2. Nf3 Nc6 3. Bb5 a6 4. Ba4 Nf6 5. Nc3 Bd6 6. d3 h6 7. Be3 0-0 8. 0-0 Re8 9. Re1 b5 10. Bb3 Ng4 11. h3 Nxe3 12. fxe3 Na5 13. Qe2 b4 14. Nd1 Bb7 15. Nf2 Nxb3 16. axb3 Bf8 17. Rad1 d5 18. Ng4 Bd6 19. Nf2 Qe7 20. Nd2 Bc5 21. exd5 Bxd5 22. e4 Bc6 23. Nc4 Qh4 24. Rf1 h5 25. Kh1 Re6 26. Rd2 Bd4 27. Nd1 Rd8 28. Nde3 g6 29. Qf2 Qe7 30. Qe1 Rf6 31. Rxf6 Qxf6 32. Rf2 Qg5 33. Re2 Bc5 34. Qf2 Re8 35. Re1 Bb5 36. Rf1 Bxc4 37. bxc4 f5 38. Re1 0-1

[Event "Joinville op U220"]
[Site "Joinville"]
[Date "2017.02.18"]
[Round "5"]
[White "Martins Jr Sobrinho, Manuel De"]
[Black "Feller, Gabriela Luisa Vice"]
[Result "1-0"]
[WhiteElo "1922"]
[BlackElo "1504"]
[PlyCount "81"]
[EventDate "2017.02.17"]
[EventType "swiss"]
[EventRounds "7"]
[EventCountry "BRA"]
[SourceTitle "CBM 177 Extra"]
[Source "ChessBase"]
[SourceDate "2017.04.27"]
[SourceVersion "1"]
[SourceVersionDate "2017.04.27"]
[SourceQuality "1"]

1. d4 Nf6 2. Nc3 d5 3. Bg5 e6 4. e4 dxe4 5. Nxe4 Be7 6. Bxf6 Bxf6 7. Nf3 0-0 8. Qd2 Nd7 9. 0-0-0 Qe7 10. Bc4 Rd8 11. Rhe1 b6 12. Qf4 c6 13. g4 Qb4 14. Bb3 Be7 15. Neg5 Nf6 16. Ne5 Bd6 17. Ngxf7 Bxe5 18. Nxe5 Qd6 19. Qg3 Bb7 20. g5 Nd5 21. g6 h6 22. Nf7 Qxg3 23. fxg3 Re8 24. Nd6 Re7 25. Nxb7 Rxb7 26. Rxe6 Kh8 27. Bxd5 cxd5 28. Rde1 Rbb8 29. Rd6 Rd8 30. Rxd8+ Rxd8 31. Re7 a5 32. Rb7 Kg8 33. Rxb6 Kf8 34. Re6 a4 35. c3 Ra8 36. Kc2 a3 37. b4 Rc8 38. b5 Rb8 39. b6 Rb7 40. Kb3 Rb8 41. Kxa3 1-0

[Event "Joinville op U220"]
[Site "Joinville"]
[Date "2017.02.17"]
[Round "1"]
[White "Olinek, Vinicius Marochi"]
[Black "Martins Jr Sobrinho, Manuel De"]
[Result "0-1"]
[WhiteElo "1800"]
[BlackElo "1922"]
[PlyCount "92"]
[EventDate "2017.02.17"]
[EventType "swiss"]
[EventRounds "7"]
[EventCountry "BRA"]
[SourceTitle "CBM 177 Extra"]
[Source "ChessBase"]
[SourceDate "2017.04.27"]
[SourceVersion "1"]
[SourceVersionDate "2017.04.27"]
[SourceQuality "1"]

1. e4 c5 2. Nf3 Nc6 3. d4 cxd4 4. Nxd4 e5 5. Nb3 Nf6 6. Nc3 Bb4 7. f3 d5 8. a3 Bxc3+ 9. bxc3 dxe4 10. Bd2 0-0 11. Bc4 exf3 12. Qxf3 Qc7 13. 0-0 e4 14. Qf2 Ng4 15. Qh4 Nce5 16. Be2 e3 17. Be1 Ng6 18. Qg3 Qxg3 19. Bxg3 N4e5 20. h3 Bd7 21. c4 Rac8 22. Bxe5 Nxe5 23. Rf4 Be6 24. Nd4 Bxc4 25. Nf5 Rc7 26. Re4 Bxe2 27. Rxe5 Rxc2 28. Rxe3 Bc4 29. Re7 Rb2 30. Rd1 g6 31. Ne3 Be6 32. Rc1 Rd8 33. Rcc7 Re2 34. Nf1 Rd1 35. Rxb7 Ree1 36. Kh2 Rxf1 37. Re8+ Kg7 38. Rxe6 Rh1+ 39. Kg3 Rd3+ 40. Kf2 Rxa3 41. Ree7 Ra2+ 42. Kg3 Rf1 43. Rxa7 Rb2 44. Rac7 Rff2 45. Kh4 h6 46. g3 Rb3 0-1

[Event "Florianopolis op 3rd"]
[Site "Florianopolis"]
[Date "2017.01.26"]
[Round "10"]
[White "Aguiar, Cristiano"]
[Black "Martins Jr Sobrinho, Manuel De"]
[Result "0-1"]
[WhiteElo "2200"]
[BlackElo "1922"]
[PlyCount "40"]
[EventDate "2017.01.20"]
[EventType "swiss"]
[EventRounds "10"]
[EventCountry "BRA"]
[SourceTitle "CBM 176 Extra"]
[Source "ChessBase"]
[SourceDate "2017.03.02"]
[SourceVersion "1"]
[SourceVersionDate "2017.03.02"]
[SourceQuality "1"]

1. Nf3 f5 2. b3 d6 3. d4 Nf6 4. Bb2 g6 5. Nbd2 Bg7 6. e3 0-0 7. c4 e5 8. dxe5 Ng4 9. Qc2 Nxe5 10. Nd4 f4 11. exf4 Rxf4 12. g3 Rxd4 13. Bxd4 Bf5 14. Qb2 Nbc6 15. Kd1 Nd3 16. Bxg7 Nxb2+ 17. Bxb2 Ne5 18. Bg2 c6 19. h3 Qb6 20. g4 Qxf2 0-1

[Event "Florianopolis op 3rd"]
[Site "Florianopolis"]
[Date "2017.01.23"]
[Round "6"]
[White "Acosta, Pablo Alejandro"]
[Black "Martins Jr Sobrinho, Manuel De"]
[Result "0-1"]
[WhiteElo "2058"]
[BlackElo "1922"]
[PlyCount "90"]
[EventDate "2017.01.20"]
[EventType "swiss"]
[EventRounds "10"]
[EventCountry "BRA"]
[SourceTitle "CBM 176 Extra"]
[Source "ChessBase"]
[SourceDate "2017.03.02"]
[SourceVersion "1"]
[SourceVersionDate "2017.03.02"]
[SourceQuality "1"]

1. e4 e5 2. Nf3 Nc6 3. Bb5 Nf6 4. Qe2 a6 5. Ba4 b5 6. Bb3 Bc5 7. a4 b4 8. Bxf7+ Ke7 9. Bb3 Na5 10. Nxe5 Nxb3 11. cxb3 Qg8 12. Nf3 Qxb3 13. d4 Bb6 14. e5 Nd5 15. 0-0 Bb7 16. Bg5+ Ke6 17. Qe4 Raf8 18. Nbd2 Qxb2 19. Nc4 Qb3 20. Qg4+ Rf5 21. Nh4 Rhf8 22. Nxf5 Rxf5 23. Nxb6 cxb6 24. a5 b5 25. Rab1 Qd3 26. Bd8 g6 27. Rbd1 Qc2 28. Rc1 Qd2 29. Qh3 h5 30. Qh4 b3 31. Qg3 Nf4 32. Qxb3+ Bd5 33. Rcd1 Bxb3 34. Rxd2 Bc4 35. Re1 g5 36. Bb6 Nd5 37. Bc5 Rf7 38. f3 Rf5 39. Kf2 Rf7 40. h4 g4 41. Kg3 Rg7 42. Kf2 gxf3 43. gxf3 Nf4 44. Re4 Rf7 45. Rd1 Rf5 0-1

[Event "Florianopolis op 3rd"]
[Site "Florianopolis"]
[Date "2017.01.21"]
[Round "2"]
[White "De Freitas, Leandro Henrique"]
[Black "Martins Jr Sobrinho, Manuel De"]
[Result "0-1"]
[WhiteElo "1662"]
[BlackElo "1922"]
[PlyCount "84"]
[EventDate "2017.01.20"]
[EventType "swiss"]
[EventRounds "10"]
[EventCountry "BRA"]
[SourceTitle "EXT 2018"]
[Source "ChessBase"]
[SourceDate "2017.10.13"]
[SourceVersion "1"]
[SourceVersionDate "2017.10.13"]
[SourceQuality "1"]

1. c4 f5 2. Nf3 d6 3. Nc3 Nf6 4. d3 g6 5. g3 b6 6. Bg2 Bb7 7. 0-0 Qd7 8. Re1 Bg7 9. e4 fxe4 10. Nxe4 Nxe4 11. dxe4 0-0 12. Rb1 a5 13. b3 h6 14. Bb2 Bxb2 15. Rxb2 e5 16. Rd2 Qf7 17. Nh4 Nc6 18. Qg4 Kh7 19. Nf3 Rg8 20. h4 Bc8 21. Nxe5 Nxe5 22. Qd1 Bg4 23. f3 Nxf3+ 24. Bxf3 Qxf3 25. Qxf3 Bxf3 26. e5 dxe5 27. Rxe5 Rg7 28. Rd3 Rf8 29. Rde3 Bg4 30. Kg2 Rgf7 31. R3e4 h5 32. Re8 Rg8 33. R4e7 Rxe7 34. Rxe7+ Rg7 35. Re5 Rd7 36. c5 Rd2+ 37. Kf1 Rc2 38. cxb6 cxb6 39. Re7+ Kh6 40. Rb7 b5 41. Ke1 Re2+ 42. Kf1 Rxa2 0-1

[Event "Florianopolis op 3rd"]
[Site "Florianopolis"]
[Date "2017.01.20"]
[Round "1"]
[White "Martins Jr Sobrinho, Manuel De"]
[Black "Martin, Luis Jacinto"]
[Result "0-1"]
[WhiteElo "1922"]
[BlackElo "1794"]
[PlyCount "88"]
[EventDate "2017.01.20"]
[EventType "swiss"]
[EventRounds "10"]
[EventCountry "BRA"]
[SourceTitle "CBM 176 Extra"]
[Source "ChessBase"]
[SourceDate "2017.03.02"]
[SourceVersion "1"]
[SourceVersionDate "2017.03.02"]
[SourceQuality "1"]

1. d4 Nf6 2. c4 g6 3. Nc3 d5 4. Nf3 Bg7 5. h4 c6 6. cxd5 cxd5 7. Bg5 Ne4 8. Qb3 Nxg5 9. hxg5 e6 10. e4 dxe4 11. Nxe4 Qa5+ 12. Qc3 Qxc3+ 13. bxc3 Ke7 14. Rb1 b6 15. Bd3 Bb7 16. Nfd2 Nd7 17. f4 Rad8 18. Ke2 Ba8 19. a4 Nb8 20. a5 bxa5 21. Ra1 Nc6 22. Nc4 Rd5 23. Nc5 Nxd4+ 24. cxd4 Bxd4 25. Rxa5 Bxc5 26. Be4 Rd4 27. Rxc5 Rxe4+ 28. Kd3 Rd8+ 29. Kc3 Rxf4 30. Rxh7 Bxg2 31. Ne5 Kd6 32. Ra5 Rc8+ 33. Kd3 Rc7 34. Rh2 Bd5 35. Re2 Rf5 36. Ra6+ Ke7 37. Ra5 Kf8 38. Kd4 Kg7 39. Ra3 Rxg5 40. Rh3 Rc1 41. Nf3 Rg4+ 42. Ke3 Re4+ 43. Kd2 Rxe2+ 44. Kxe2 Bc4+ 0-1

[Event "BRA-ch U20"]
[Site "Icara"]
[Date "2016.06.25"]
[Round "5"]
[White "Martins Jr Sobrinho, Manuel De"]
[Black "Carstens Dobuchak, Thiago"]
[Result "1/2-1/2"]
[WhiteElo "1912"]
[BlackElo "2149"]
[PlyCount "62"]
[EventDate "2016.06.23"]
[EventType "swiss"]
[EventRounds "7"]
[EventCountry "BRA"]
[SourceTitle "EXT 2017"]
[Source "ChessBase"]
[SourceDate "2016.10.25"]
[SourceVersion "1"]
[SourceVersionDate "2016.10.25"]
[SourceQuality "1"]

1. d4 Nf6 2. c4 g6 3. Nc3 Bg7 4. Nf3 0-0 5. g3 d6 6. Bg2 Nbd7 7. 0-0 Re8 8. e4 e5 9. h3 exd4 10. Nxd4 Rb8 11. Re1 a6 12. f4 c5 13. Nc2 b5 14. Qxd6 b4 15. Nd5 Nxd5 16. Qxd5 Bb7 17. Qd3 Nb6 18. Qe2 Qe7 19. Rb1 Rbd8 20. Be3 Bxe4 21. Bf2 Bxc2 22. Qxc2 Qc7 23. Rbd1 Rxe1+ 24. Rxe1 Bd4 25. Bxd4 Rxd4 26. Re8+ Kg7 27. b3 Qd6 28. Qe2 Nd7 29. Qb2 Nf6 30. Re2 Nh5 31. Re3 Nf6 1/2-1/2

[Event "BRA-ch U20"]
[Site "Icara"]
[Date "2016.06.23"]
[Round "1"]
[White "Cezar, Ricardo de Almeida"]
[Black "Martins Jr Sobrinho, Manuel De"]
[Result "0-1"]
[WhiteElo "1578"]
[BlackElo "1912"]
[PlyCount "46"]
[EventDate "2016.06.23"]
[EventType "swiss"]
[EventRounds "7"]
[EventCountry "BRA"]
[SourceTitle "EXT 2017"]
[Source "ChessBase"]
[SourceDate "2016.10.25"]
[SourceVersion "1"]
[SourceVersionDate "2016.10.25"]
[SourceQuality "1"]

1. d4 d5 2. Bf4 Nf6 3. e3 c5 4. c3 Nc6 5. Nd2 e6 6. Ngf3 Bd6 7. Ne5 Bxe5 8. dxe5 Nd7 9. Qg4 Kf8 10. Nf3 c4 11. Qh5 Qb6 12. Rb1 Qa5 13. a3 Qa4 14. Rd1 Qb3 15. Rd2 Nc5 16. Qh4 Bd7 17. Be2 Ne4 18. Bd1 Qb6 19. Rc2 Ne7 20. 0-0 Ba4 21. Re2 Bxd1 22. Rxd1 Qb3 23. Nd4 Qxd1+ 0-1

[Event "Florianopolis op 2nd"]
[Site "Florianopolis"]
[Date "2016.01.20"]
[Round "7"]
[White "Okamura, Milton Kasuo"]
[Black "Martins Jr Sobrinho, Manuel De"]
[Result "1-0"]
[WhiteElo "2046"]
[BlackElo "1838"]
[PlyCount "97"]
[EventDate "2016.01.16"]
[EventType "swiss"]
[EventRounds "10"]
[EventCountry "BRA"]
[SourceTitle "CBM 170 Extra"]
[Source "ChessBase"]
[SourceDate "2016.02.25"]
[SourceVersion "1"]
[SourceVersionDate "2016.02.25"]
[SourceQuality "1"]

1. d4 d5 2. c4 c6 3. Nf3 Nf6 4. Nc3 a6 5. e3 Bf5 6. Nh4 Bg6 7. Be2 e6 8. 0-0 Bd6 9. Nxg6 hxg6 10. g3 Nbd7 11. b3 Qe7 12. Bf3 0-0 13. Bb2 b5 14. a3 bxc4 15. bxc4 Rab8 16. Qc2 dxc4 17. Bxc6 Rb6 18. Bf3 Rfb8 19. Ra2 Rb3 20. a4 Nb6 21. e4 e5 22. d5 Qb7 23. Ba1 Nbd7 24. Be2 Qb4 25. Kg2 Nc5 26. f3 Rc8 27. Rc1 Nfd7 28. Qd1 Nb6 29. Qf1 Nb7 30. Nd1 Ra3 31. Rxa3 Qxa3 32. Nb2 c3 33. Nd3 Nxa4 34. f4 f6 35. Bg4 Rc4 36. Be6+ Kf8 37. fxe5 Rxe4 38. exf6 Qa2+ 39. Kg1 Rxe6 40. fxg7+ Kxg7 41. dxe6 Qxe6 42. Qf3 Nbc5 43. Bxc3+ Kh7 44. Bd4 Nb3 45. Qb7+ Kh6 46. Qg7+ Kg5 47. Re1 Qf5 48. Be3+ Kg4 49. Nf2+ 1-0